000 00469cam a2200193ua 4500
001 9090
008 150221n ii |||gr||||Z||||||asm
020 _a8176650110
040 _cMAIN
041 _aasm
082 _a155.2
100 _aKotaki, P.,
_eTranslator.,
245 1 _aCharitrabodh
_cTranslated by P. Kotaki
250 _a2nd.
260 _aGuwahati:
_bStudents,
_c2000.
300 _a138p.
653 _aDifferential & developmental psychology
942 _cBK
999 _c8174
_d8174